Lắp ráp thiết bị chủ yếu trạm thuỷ điện
Cuốn sách này cung cấp cho sinh viên và bạn đọc những khái niệm đầy đủ và hiểu biết về công tác tổ chức, quy trình công nghệ, phương pháp và biện pháp lắp ráp turbin, máy phát điện và các thiết bị cơ khí thủy lực khác của tổ máy điện....
Đã lưu trong:
| 主要作者: | |
|---|---|
| 格式: | 圖書 |
| 語言: | Undetermined |
| 出版: |
Hà Nội
Xây dựng
2007
|
| 主題: | |
| 標簽: |
添加標簽
沒有標簽, 成為第一個標記此記錄!
|
| Thư viện lưu trữ: | Trung tâm Học liệu Trường Đại học Cần Thơ |
|---|
| LEADER | 01226nam a2200193Ia 4500 | ||
|---|---|---|---|
| 001 | CTU_168855 | ||
| 008 | 210402s9999 xx 000 0 und d | ||
| 020 | |c 22000 | ||
| 082 | |a 621.313 | ||
| 082 | |b L561 | ||
| 100 | |a Huỳnh, Tấn Lượng | ||
| 245 | 0 | |a Lắp ráp thiết bị chủ yếu trạm thuỷ điện | |
| 245 | 0 | |c Huỳnh Tấn Lượng, Phạm Văn Khang | |
| 260 | |a Hà Nội | ||
| 260 | |b Xây dựng | ||
| 260 | |c 2007 | ||
| 520 | |a Cuốn sách này cung cấp cho sinh viên và bạn đọc những khái niệm đầy đủ và hiểu biết về công tác tổ chức, quy trình công nghệ, phương pháp và biện pháp lắp ráp turbin, máy phát điện và các thiết bị cơ khí thủy lực khác của tổ máy điện. Đồng thời hiểu biết về công tác thí nghiệm chạy thử tổ máy khi không tải và có tải để kiểm tra kết quả công tác lắp ráp. | ||
| 650 | |a Hydroelectric power plants,Nhà máy thủy điện,Electric machinery,Máy phát điện | ||
| 980 | |a Trung tâm Học liệu Trường Đại học Cần Thơ | ||